| 000 | 00781nam a22003017a 4500 | ||
|---|---|---|---|
| 001 | BR9903241 | ||
| 003 | BR-BrBNA | ||
| 005 | 20230928100351.0 | ||
| 007 | ta | ||
| 008 | 230509b bl.||||| |||| 00| 0 por d | ||
| 040 |
_aBR-BrBNA _bpor _cBiblioteca Nacional de Agricultura |
||
| 041 | _a(Por) | ||
| 072 | _aE12 | ||
| 090 | _ E12 BR9903241 | ||
| 100 | 1 | _aSilva, J.G. da | |
| 100 | 1 | _aGrossi, M.E.D. | |
| 245 | 1 | _aA evolucao do emprego nao agricola no meio rural brasileiro, 1992-1995 | |
| 260 | 3 |
_a[np]: _c[nd]. |
|
| 300 | _a21 p. | ||
| 500 | _a21 ref.; 8 tables | ||
| 650 | _aEmprego | ||
| 650 | _aZona Rural | ||
| 650 | _aDados Estatisticos | ||
| 650 | _aPopulacao Rural | ||
| 650 | _aTrabalhador Rural | ||
| 909 |
_a202309 _bLucia _c55 _dLucia Elande |
||
| 942 | _cBK | ||
| 999 |
_c61083 _d61083 |
||